000
00231nam a2200097Ia 4500
008
190216s9999||||xx |||||||||||||| ||und||
100
_a
Umer Moulavi K
245
0
_a
Thabaraka Yoos Paribhasha
260
_b
C.H. Muhammad & Sons
942
_c
BK
999
_c
76
_d
76